| 000 | 00679nam a2200205Ia 4500 | ||
|---|---|---|---|
| 003 | OSt | ||
| 005 | 20251126155529.0 | ||
| 008 | 210719s2007 xx 000 0 und d | ||
| 040 | _cAL | ||
| 041 | _aKannada | ||
| 082 | _aK894.308 SHRP | ||
| 100 |
_aSHRINIVASA (Pa Sha) _dಶ್ರೀನಿವಾಸ್ (ಪಾ ಶ) tr _9246904 |
||
| 245 |
_aPrasada: tamilu sanna kategal sankalana _bಪ್ರಸಾದ: ತಮಿಳು ಸಣ್ಣ ಕತೆಗಳ ಸಂಕಲನ |
||
| 260 |
_aBengaLUru _bPriyadarshini Prakashana _c2007 |
||
| 300 |
_axviii,126 _bPB |
||
| 365 |
_b100 _cRs |
||
| 650 |
_aKannada Fiction _9246905 |
||
| 650 |
_aKannada literature _9246906 |
||
| 942 |
_2ddc _cBK |
||
| 999 |
_c215334 _d215334 |
||